Statistics for Which One?- U.S. Presidents

Click here to take the quiz!

General Stats

  • This quiz has been taken 18 times
  • The average score is 13 of 18

Answer Stats

QuestionAnswer% Correct
...was NOT assassinated?Ronald Reagan
100%
...was a veteran five-star general?Dwight Eisenhower
94%
...ordered the atomic bomb to be dropped on two Japanese cities?Harry Truman
94%
...was the youngest when he was elected president?John Kennedy
94%
...has the picture of their face on the Illinois license plate?Abraham Lincoln
88%
...had Polio?Franklin Roosevelt
88%
...went by his middle name?Woodrow Wilson
88%
...is on Mount Rushmore?Theodore Roosevelt
81%
...is on the $50 dollar bill?Ulysses Grant
81%
...had the shortest term?William Harrison
81%
...was the heaviest?William Taft
81%
...never married?James Buchanan
75%
...had 15 children?John Tyler
63%
...was the last to serve in the 1800s?William McKinley
56%
...was born in Nebraska?Gerald Ford
50%
...did NOT die on July 4th?James Madison
44%
...signed the Constitution?James Madison
44%
...had a pet parrot?Andrew Jackson
38%

Score Distribution

Percentile by Number Answered

Percent of People with Each Score

Your Score History

You have not taken this quiz